ゴッドフィールド(God Field)で守護神が取る行動 - Statistics

General Stats
  • This quiz has been taken 30 times
  • The average score is 16 of 41
Answer Stats
Hint Answer % Correct
攻8 挙手
81%
+¥5(敵にあげる) わいろ
78%
75%攻10 レーザービーム
63%
75%攻7 炎の叫び
59%
攻1
59%
攻15 ダイヤモンドアクス
59%
攻2 小石
56%
75%攻3 炎のささやき
52%
攻4
52%
¥3没収 罰金
52%
+¥20 豪華なアクセサリー
52%
+¥8 つまらない物
44%
75%攻5 炎のしゃべり
41%
攻2 根っこ
41%
攻2 点滅
41%
攻5(HPを吸収する) 祝福
41%
+¥1(みんなにあげる) 小銭ばらまき
41%
攻3
37%
50%攻6 あられ
37%
攻9 体当たり
37%
暗雲 不吉な予感
37%
75%攻4 炎のつぶやき
33%
75%攻6 炎のうなり
33%
閃光 後光
33%
攻2 まばたき
33%
+HP5 潮汁
33%
紅葉
30%
50%攻1(ダメージで霧) 霧雨
26%
50%攻3 しぶき
26%
75%攻2(ダメージで夢) 落ち葉の舞
26%
25%攻4 電撃
26%
+HP10 あっさりした潮汁
26%
攻10 満月刀
26%
75%攻1 触手
22%
攻4 せき払い
22%
25%攻1 思考
19%
+MP5 磯の香り
19%
+MP10 さわやかな磯の香り
19%
攻2(ダメージで霧) かすむ息
15%
すべての災いを払う さざ波の音
15%
攻6 大きい石
11%
No matching quizzes found
Score Distribution
Percent of People with Each Score
Percentile by Number Answered
Your Score History
You have not taken this quiz